Meilleures équipes européennes - Statistiques

Statistiques générales
  • Ce quiz a été pris 63 fois
  • Le résultat moyen est 17 sur 20
Statistiques - réponses
Classement Rang mondial Nation % Correct
3 4 Angleterre
100%
1 1 Espagne
100%
2 3 France
100%
6 9 Belgique
98%
9 13 Italie
98%
7 10 Allemagne
96%
4 6 Portugal
96%
15 32 Norvège
89%
5 7 Pays-Bas
89%
16 34 Pologne
89%
10 18 Suisse
89%
8 11 Croatie
82%
14 30 Ukraine
82%
11 21 Danemark
77%
18 36 Russie
77%
19 38 Ecosse
73%
12 24 Autriche
70%
13 25 Turquie
68%
20 39 Serbie
64%
17 35 Pays de Galles
57%
Aucun quiz correspondant
Distribution des résultats
% des personnes avec chaque résultat
Percentile par nombre de réponses
Votre historique - résultats
Vous n’avez pas pris ce quiz